000
00323nam a2200133Ia 4500
008
191201s2009 xx 000 0 und d
082
_a
004.22
_b
SHC
100
_a
SHARMA, Nirmala
245
0
_a
Computer Architecture
250
_a
1st
260
_c
2009
_b
Universities Prees
_a
NEW DELHI
300
_a
226
942
_2
ddc
_c
BK
_0
4
999
_c
7799
_d
7799